| 000 | 01256nam0a2200349 4500 | ||
|---|---|---|---|
| 001 | RU\NLR\BIBL_A\012578088 | ||
| 005 | 20220607094339.0 | ||
| 010 |
_a978-5-17-132833-7 _92000 |
||
| 021 |
_aRU _bКН-П-21-023631 _9КН-П-21-1830 |
||
| 035 | _a(NLR Aleph) 012578088 | ||
| 090 |
_a12512932 _c12512932 |
||
| 100 | _a20210811d2021 u y0rusy50 ca | ||
| 101 | 1 |
_arus _ceng |
|
| 102 | _aRU | ||
| 105 | _ay|||z|||000ay | ||
| 181 | 0 |
_ai _baxxe |
|
| 182 | 0 | _an | |
| 200 | 1 |
_aМорбиус. Живой вампир. Кровные узы _eроман _fБрендан Денин _gперевод с английского Веры Гордиенко _gMARVEL |
|
| 203 |
_aТекст _bвизуальный _cнепосредственный |
||
| 210 |
_aМосква _cАСТ _d2021 |
||
| 215 |
_a317, [3] с. _d21 |
||
| 225 | 1 | _aВселенная MARVEL | |
| 320 | _aДр. работы авт. в конце кн. | ||
| 517 | 1 | _aЖивой вампир | |
| 517 | 1 | _aКровные узы | |
| 686 | 1 | _aШ6(7США)67-445{Лх1979-62} | |
| 700 | 1 |
_aДенин _bБ. _gБрендан _3RU\NLR\AUTH\770212094 |
|
| 942 | _cBOOK | ||
| 980 | _aNB | ||